000 00630nam a2200241Ia 4500
003 OSt
005 20220928131442.0
006 a|||||r|||| 00| 0
007 ta
008 220927b |||||||| |||| 00| 0 eng d
024 _a29914
037 _cTextual
040 _aSDCL
_cSDCL
_beng
041 _2eng
_aeng
082 _aL:4:56, P3
100 _aEales Lesley-Jane
_9478212
245 0 _aImmunology
_b For life scientists.
250 _a2
260 _aChichester
_bJohn Wiley
_c2003
300 _axxix,337p.
_ccm.
942 _hL:4:56, P3
_cTEXL
_2CC
999 _c790706
_d790706